00693cam a22002057i 4500999001900000001000900019005001700028008004100045020001800086040001300104082001500117100002300132245012800155260003100283300002000314500003400334650001800368942000700386952009400393 c114214d1142141874198420191014092020.0150813s2015 sz b 001 0 eng  a9783035604078 cPK-LaUMT a712bBUR-W1 aBurckhardt, Lucius10aWhy is landscape beautiful? :bthe science of strollogy /cby Lucius Burckhardt; edited by Markus Ritter and Martin Schmitz aBasel :bBirkhauser,c2006 a319 p. ;c19 cm aMinimal Level Cataloging Plus 0aUrbanization. cBK 00104070a01b01d2019-10-14l0o712 BUR-Wp131842r2019-10-14 00:00:00w2019-10-14yBK